The cider house rules : (Record no. 3406)

MARC details
000 -LEADER
fixed length control field 01081cam a2200313 a 4500
001 - CONTROL NUMBER
control field 3406
003 - CONTROL NUMBER IDENTIFIER
control field FISKH
005 - DATE AND TIME OF LATEST TRANSACTION
control field 20240304085810.0
008 - FIXED-LENGTH DATA ELEMENTS--GENERAL INFORMATION
fixed length control field 841205s1985 nyu 000 1 eng
010 ## - LIBRARY OF CONGRESS CONTROL NUMBER
LC control number 84027195
020 ## - INTERNATIONAL STANDARD BOOK NUMBER
International Standard Book Number 9780552992046
020 ## - INTERNATIONAL STANDARD BOOK NUMBER
International Standard Book Number 0688057624 (lim. ed.)
040 ## - CATALOGING SOURCE
Original cataloging agency DLC
Transcribing agency DLC
Modifying agency DLC
050 00 - LIBRARY OF CONGRESS CALL NUMBER
Classification number PS3559.R8
Item number C5 1985
082 00 - DEWEY DECIMAL CLASSIFICATION NUMBER
Classification number 813/.54
Edition number 19
100 1# - MAIN ENTRY--PERSONAL NAME
Personal name Irving, John
Dates associated with a name 1942-
245 14 - TITLE STATEMENT
Title The cider house rules :
Remainder of title a novel /
Statement of responsibility, etc. John Irving.
260 ## - PUBLICATION, DISTRIBUTION, ETC.
Place of publication, distribution, etc. Guernsey :
Name of publisher, distributor, etc. Black Swan,
Date of publication, distribution, etc. 1986
300 ## - PHYSICAL DESCRIPTION
Extent 731 pages :
Dimensions 21 cm
520 ## - SUMMARY, ETC.
Summary, etc. From one of America's most beloved and respected writers comes the classic story of Homer Wells, an orphan, and Wilbur Larch, a doctor without children of his own, who develop an extraordinary bond with one another.
650 #0 - SUBJECT ADDED ENTRY--TOPICAL TERM
Topical term or geographic name entry element Young men
Geographic subdivision Maine
General subdivision Fiction.
650 #0 - SUBJECT ADDED ENTRY--TOPICAL TERM
Topical term or geographic name entry element Physicians
General subdivision Fiction.
650 #0 - SUBJECT ADDED ENTRY--TOPICAL TERM
Topical term or geographic name entry element Orphanages
General subdivision Fiction.
650 #0 - SUBJECT ADDED ENTRY--TOPICAL TERM
Topical term or geographic name entry element Abortion
General subdivision Fiction.
651 #0 - SUBJECT ADDED ENTRY--GEOGRAPHIC NAME
Geographic name Maine
General subdivision Fiction.
655 #7 - INDEX TERM--GENRE/FORM
Genre/form data or focus term Bildungsromane.
Source of term gsafd
906 ## - LOCAL DATA ELEMENT F, LDF (RLIN)
a 7
b cbc
c orignew
d 1
e ocip
f 19
g y-gencatlg
942 ## - ADDED ENTRY ELEMENTS (KOHA)
Source of classification or shelving scheme Dewey Decimal Classification
Koha item type Books
Suppress in OPAC No
Holdings
Withdrawn status Lost status Source of classification or shelving scheme Damaged status Not for loan Collection Home library Current library Shelving location Date acquired Total Checkouts Full call number Barcode Date last seen Date last checked out Price effective from Koha item type
    Dewey Decimal Classification     Fiction Footprints International School Library Network Toul Kork Campus Footprints International School Library Network Toul Kork Campus   03/04/2024 1 IRV 813.54 PS3559.R8 2024-0166 02/27/2026 01/23/2026 03/04/2024 Books